| 000 | 00466nam a2200181Ia 4500 | ||
|---|---|---|---|
| 003 | GCL | ||
| 005 | 20240530100345.0 | ||
| 008 | 140319s9999 xx 000 0 eng d | ||
| 040 |
_aGCL / _cGCL |
||
| 082 | 0 | 4 |
_a302.2 _bB T |
| 100 | 1 | _aBERKO, ROY M | |
| 245 | 1 | 0 |
_aThis Business of Communicating / _cCURTIS, RAY |
| 260 |
_a[S.N] : _bWCB BROWN & BENCHANARK ، _c1993 |
||
| 300 | _a398 P | ||
| 700 | 1 | _aCURTIS, RAY | |
| 700 | 1 | _aWOLORN, ANDREW D | |
| 942 |
_2ddc _cBK |
||
| 999 |
_c16897 _d16897 |
||